| 000 | 00972cam a22003137a 4500 | ||
|---|---|---|---|
| 001 | 14582559 | ||
| 005 | 20260212092822.0 | ||
| 008 | 061004r20062005enka b 001 0 eng d | ||
| 010 | _a 2006283958 | ||
| 015 |
_aGBA637546 _2bnb |
||
| 016 | 7 |
_a013438434 _2Uk |
|
| 020 | _a0714846287 (pbk.) | ||
| 035 | _a(OCoLC)ocm65470287 | ||
| 040 |
_aUKM _cUKM _dBAKER _dDLC |
||
| 042 | _alccopycat | ||
| 050 | 0 | 0 |
_aNA680 _b.B345 2006 |
| 082 | 0 | 4 |
_a728 _222 _bBAR |
| 100 | 1 |
_aWelsh,John _9120509 |
|
| 245 | 1 | 0 |
_aModern house / _cJohn Welsh. |
| 260 |
_aLondon : _bPhaidon, _c2006. |
||
| 300 |
_a240 p. : _bill. (chiefly col.) ; _c29 cm. |
||
| 500 | _aOriginally published: 2005. | ||
| 504 | _aIncludes bibliographical references and index. | ||
| 650 | 0 |
_aArchitecture, Modern _y20th century. |
|
| 650 | 0 | _aArchitecture, Domestic. | |
| 906 |
_a7 _bcbc _ccopycat _d2 _encip _f20 _gy-gencatlg |
||
| 942 |
_2ddc _cBK |
||
| 999 |
_c607758 _d607758 |
||